Espacio público y privatización del conocimiento: estudios sobre políticas universitarias en América Latina
Αποθηκεύτηκε σε:
| Κύριοι συγγραφείς: | , |
|---|---|
| Μορφή: | Βιβλίο |
| Γλώσσα: | Ισπανικά |
| Έκδοση: |
Buenos Aires
Clacso
2005
|
| Έκδοση: | 1a. ed |
| Σειρά: | Becas de Investigación
|
| Θέματα: | |
| Ετικέτες: |
Προσθήκη ετικέτας
Δεν υπάρχουν, Καταχωρήστε ετικέτα πρώτοι!
|
MARC
| LEADER | 00000nam a2200000 a 4500 | ||
|---|---|---|---|
| 001 | UCJ0331 | ||
| 003 | CL-VaPUC | ||
| 008 | 060714e20050000AG |||||||||||||||||spa|d | ||
| 020 | |a 9871183283 | ||
| 082 | 0 | 4 | |a 378.007 |b GEN |2 21 |
| 100 | |a Gentili, Pablo |e author |9 561390 | ||
| 700 | 0 | |a Levy, Bettina |e author |9 500452 | |
| 245 | 1 | 0 | |a Espacio público y privatización del conocimiento: estudios sobre políticas universitarias en América Latina |
| 250 | |a 1a. ed | ||
| 300 | |a 574 p | ||
| 942 | |c BK | ||
| 945 | |d 20060714 00:00:00 |a cmena | ||
| 260 | |a Buenos Aires |b Clacso |c 2005 | ||
| 650 | 0 | |a Reforma educacional |9 256319 | |
| 650 | 0 | |a Educación superior |9 223851 | |
| 650 | 0 | |a Universidades |9 256317 | |
| 650 | 0 | |a Política gubernamental |9 262286 | |
| 650 | 7 | |a EDUCACION COMPARADA |2 CL-VaPUC |9 307694 | |
| 651 | 0 | |a América Latina |9 255027 | |
| 583 | |a last modification |c 20130305 03:58:43 |k Rodrigo Vera | ||
| 490 | 0 | |a Becas de Investigación | |
| 999 | |c 317196 |d 317194 | ||
| 952 | |0 0 |1 0 |4 0 |6 378_007000000000000_GEN_2005 |7 0 |8 A |9 393203 |a BIBEDU |b BIBEDU |d 2019-11-22 |i 4243129 |o 378.007 GEN 2005 |p 4243129 |r 2019-11-22 |w 2019-11-22 |y BK |k EDU | ||
| 952 | |0 0 |1 0 |4 0 |6 378_007000000000000_GEN_2005 |7 0 |8 A |9 393204 |a BIBEDU |b BIBEDU |d 2019-11-22 |i 469807K |l 1 |o 378.007 GEN 2005 |p 469807K |r 2023-12-05 |s 2023-12-05 |w 2019-11-22 |y BK |k PSI | ||